000 00534nam a2200205Ia 4500
005 20251118113151.0
008 230125s9999 xx 000 0 und d
020 _a81-7223-578-X
041 _aeng
082 _a158.1
_bBAC
100 _aBach R
_9214980
245 _aJonathan livingston seagull-A story
260 _c2005
_bHarper Collins Publishers
_aNew Delhi
300 _a87p
500 _aPersonality Development,
650 _aPersonality Development
_9213420
700 _aBach R
_9214980
906 _b19
942 _cBK
999 _c87574
_d87574